000
00297nam a2200109Ia 4500
008
200302s9999 xx 000 0 und d
100
_a
Garlock and Billington
245
_a
Felix candela engineer builder structural artist
260
_b
Princeton Architectural Press
260
_c
2008
300
_a
207
999
_c
7312
_d
7312